[Event "Police Gniota Memorial 31st"]
[Site "Police"]
[Date "2016.07.12"]
[Round "7"]
[White "Niedbal, Piotr"]
[Black "Oleniak, Wlodzimierz"]
[Result "1/2-1/2"]
[WhiteElo "1898"]
[BlackElo "1806"]
[PlyCount "92"]
[EventDate "2016.07.06"]
[EventType "swiss"]
[EventRounds "9"]
[EventCountry "POL"]
[SourceTitle "EXT 2017"]
[Source "ChessBase"]
[SourceDate "2016.10.25"]
[SourceVersion "1"]
[SourceVersionDate "2016.10.25"]
[SourceQuality "1"]

1. e4 c6 2. d4 d5 3. e5 Bf5 4. h4 h6 5. g4 Be4 6. f3 Bh7 7. e6 Qd6 8. exf7+ Kxf7 9. Ne2 Nd7 10. Nbc3 Qg6 11. Qd2 e5 12. dxe5 Nxe5 13. Bg2 Nf6 14. Qd4 Bd6 15. Bf4 Rhe8 16. Rc1 Kg8 17. 0-0 Qf7 18. Bg3 Qe7 19. Kh1 Kh8 20. b3 a6 21. Na4 b5 22. Nac3 Qa7 23. Qd2 Rad8 24. Rce1 Qc7 25. Bf2 Ng6 26. Nd4 Bg8 27. Rxe8 Rxe8 28. Re1 Rxe1+ 29. Qxe1 Qd7 30. Qd2 Bf4 31. Qe1 c5 32. Nf5 d4 33. Ne4 Nxe4 34. Qxe4 Bd5 35. Qd3 Ne5 36. Qe2 Qb7 37. Nd6 Qc6 38. Ne4 Nd7 39. c3 Bxe4 40. fxe4 dxc3 41. e5 Qe6 42. Qf3 Qxe5 43. Qa8+ Qb8 44. Qe4 Qe5 45. Qa8+ Qb8 46. Qe4 Qe5 1/2-1/2

[Event "Police Gniota Memorial 31st"]
[Site "Police"]
[Date "2016.07.11"]
[Round "6"]
[White "Oleniak, Wlodzimierz"]
[Black "Korbal, Arkadiusz"]
[Result "0-1"]
[WhiteElo "1806"]
[BlackElo "2121"]
[PlyCount "54"]
[EventDate "2016.07.06"]
[EventType "swiss"]
[EventRounds "9"]
[EventCountry "POL"]
[SourceTitle "EXT 2017"]
[Source "ChessBase"]
[SourceDate "2016.10.25"]
[SourceVersion "1"]
[SourceVersionDate "2016.10.25"]
[SourceQuality "1"]

1. c4 c5 2. Nc3 Nc6 3. g3 g6 4. Bg2 Bg7 5. e3 e5 6. Nge2 Nge7 7. 0-0 0-0 8. d3 d6 9. a3 Be6 10. Nd5 Rb8 11. Nec3 a6 12. Bd2 b5 13. b3 Qd7 14. Rb1 Bg4 15. f3 Bh3 16. Qe2 Bxg2 17. Kxg2 Nf5 18. Qf2 Nce7 19. Kh1 Rfc8 20. a4 Nxd5 21. Nxd5 Ne7 22. Nxe7+ Qxe7 23. g4 Qd7 24. e4 bxa4 25. bxa4 Qxa4 26. Ra1 Qc2 27. Qe3 Rb3 0-1

[Event "Police Gniota Memorial 31st"]
[Site "Police"]
[Date "2016.07.09"]
[Round "4"]
[White "Oleniak, Wlodzimierz"]
[Black "Szyszylo, Rafal"]
[Result "1-0"]
[WhiteElo "1806"]
[BlackElo "2253"]
[PlyCount "97"]
[EventDate "2016.07.06"]
[EventType "swiss"]
[EventRounds "9"]
[EventCountry "POL"]
[SourceTitle "EXT 2017"]
[Source "ChessBase"]
[SourceDate "2016.10.25"]
[SourceVersion "1"]
[SourceVersionDate "2016.10.25"]
[SourceQuality "1"]

1. c4 g6 2. Nc3 Bg7 3. g3 d6 4. Bg2 e5 5. e3 Ne7 6. Nge2 0-0 7. 0-0 f5 8. d3 c6 9. Bd2 Nd7 10. Qc2 Nf6 11. f4 Be6 12. Rae1 a6 13. a4 Kh8 14. h3 Qd7 15. Kh2 Rac8 16. Ng1 b5 17. b3 h6 18. e4 Nh7 19. Nf3 fxe4 20. Nxe4 exf4 21. Bxf4 bxc4 22. dxc4 Rxf4 23. gxf4 Nf5 24. Qd3 Bf7 25. Ne5 Qc7 26. Nxf7+ Qxf7 27. Nxd6 Qd7 28. c5 Rb8 29. Qxa6 Nd4 30. Qc4 Nf8 31. Re3 Nfe6 32. b4 Rf8 33. Re4 Qe7 34. Rfe1 Qh4 35. f5 Nf4 36. Rf1 Be5 37. Rxe5 Qg5 38. Qa2 Nd3 39. Re8 Qf6 40. Rxf8+ Qxf8 41. fxg6 Nf4 42. Nf7+ Kg7 43. Rxf4 Qb8 44. Nd6 h5 45. Qf7+ Kh6 46. Rxd4 h4 47. Qh7+ Kg5 48. Qxh4+ Kxg6 49. Be4+ 1-0

[Event "Police Gniota Memorial 31st"]
[Site "Police"]
[Date "2016.07.06"]
[Round "1"]
[White "Oleniak, Wlodzimierz"]
[Black "Sabuk, Piotr"]
[Result "0-1"]
[WhiteElo "1806"]
[BlackElo "2363"]
[PlyCount "156"]
[EventDate "2016.07.06"]
[EventType "swiss"]
[EventRounds "9"]
[EventCountry "POL"]
[SourceTitle "EXT 2017"]
[Source "ChessBase"]
[SourceDate "2016.10.25"]
[SourceVersion "1"]
[SourceVersionDate "2016.10.25"]
[SourceQuality "1"]

1. c4 e6 2. Nc3 d5 3. e3 Nf6 4. Nf3 Be7 5. d4 0-0 6. Bd3 dxc4 7. Bxc4 a6 8. a3 c5 9. dxc5 Bxc5 10. 0-0 Qe7 11. b4 Bd6 12. Bb2 Nbd7 13. Bd3 Rd8 14. Qe2 a5 15. b5 e5 16. Ne4 Nxe4 17. Bxe4 Nf6 18. Bc2 Bg4 19. h3 Bh5 20. e4 Rac8 21. Bb3 Nd7 22. Bd5 Nb6 23. Rfd1 Nxd5 24. Rxd5 f6 25. Rd2 Bf7 26. Rc2 a4 27. Ne1 Bb3 28. Rxc8 Rxc8 29. b6 Rc6 30. Qd3 Qd8 31. Rc1 Qxb6 32. Rxc6 Qxc6 33. f3 b5 34. Qd2 Bc5+ 35. Kh2 Qd6 36. Qxd6 Bxd6 37. Nd3 Bc4 38. Nb4 Kf7 39. Bc3 Ke6 40. g4 Bc5 41. Bd2 Kd6 42. Kg3 g5 43. h4 h6 44. h5 Bb3 45. Kg2 Kd7 46. Bc1 Bc4 47. Bd2 Kc8 48. Nc2 Kb7 49. Nb4 Kb6 50. Kg3 Be2 51. Nd5+ Kc6 52. Nb4+ Kd6 53. Kg2 Bc4 54. Kg3 Bf1 55. Nc2 Kc6 56. Nb4+ Kb7 57. Nc2 Kb6 58. Nb4 Bc4 59. Kg2 Bd4 60. Nc2 Bb2 61. Bb4 Bb3 62. Ne3 Bd4 63. Nf5 Bc5 64. Bxc5+ Kxc5 65. Nxh6 b4 66. axb4+ Kxb4 67. Nf5 a3 68. h6 Bg8 69. Ne7 Bh7 70. Nd5+ Kb3 71. Nxf6 Bg6 72. h7 Bxh7 73. Nxh7 a2 74. Nxg5 a1Q 75. Nh3 Qe1 76. Nf2 Kc4 77. g5 Qd2 78. g6 Qg5+ 0-1

[Event "Police Gniota Memorial 29th"]
[Site "Police"]
[Date "2014.07.16"]
[Round "8"]
[White "Oleniak, Wlodzimierz"]
[Black "Maliszewski, Jaroslaw"]
[Result "0-1"]
[WhiteElo "1838"]
[BlackElo "1777"]
[PlyCount "100"]
[EventDate "2014.07.09"]
[EventType "swiss"]
[EventRounds "9"]
[EventCountry "POL"]
[SourceTitle "CBM 161 Extra"]
[Source "ChessBase"]
[SourceDate "2014.08.29"]
[SourceVersion "1"]
[SourceVersionDate "2014.08.29"]
[SourceQuality "1"]

1. c4 e5 2. Nc3 Nf6 3. g3 Bc5 4. Bg2 0-0 5. e3 Re8 6. Nge2 Nc6 7. a3 d6 8. 0-0 Bg4 9. Qc2 Qd7 10. b4 Bb6 11. Bb2 Bh3 12. Ne4 Nxe4 13. Bxh3 Qxh3 14. Qxe4 Re6 15. Qg2 Qg4 16. Nc3 Qxc4 17. Nd5 Rae8 18. f4 exf4 19. Rxf4 Qb3 20. Bc3 Nd8 21. Qf3 c6 22. Qg4 Rg6 23. Qd7 Kf8 24. Nxb6 axb6 25. a4 Qd5 26. a5 bxa5 27. Rxa5 Qe6 28. Qc7 Qe7 29. Qxe7+ Kxe7 30. Ra7 Kd7 31. Rf5 Kc7 32. Ra8 Re7 33. b5 c5 34. Kf2 b6 35. h4 f6 36. Kf3 Kd7 37. Ra7+ Ke6 38. Rxe7+ Kxe7 39. d4 Ne6 40. h5 Rg5 41. Rxg5 Nxg5+ 42. Kf4 Ne6+ 43. Kf5 Nc7 44. dxc5 dxc5 45. g4 Nxb5 46. Bb2 Nd6+ 47. Kf4 b5 48. Kf3 b4 49. Ke2 Nc4 50. Bc1 b3 0-1

[Event "Police Gniota Memorial 29th"]
[Site "Police"]
[Date "2014.07.14"]
[Round "6"]
[White "Olenderek, Tomasz"]
[Black "Oleniak, Wlodzimierz"]
[Result "1-0"]
[WhiteElo "2137"]
[BlackElo "1838"]
[PlyCount "35"]
[EventDate "2014.07.09"]
[EventType "swiss"]
[EventRounds "9"]
[EventCountry "POL"]
[SourceTitle "CBM 161 Extra"]
[Source "ChessBase"]
[SourceDate "2014.08.29"]
[SourceVersion "1"]
[SourceVersionDate "2014.08.29"]
[SourceQuality "1"]

1. d4 e6 2. Nf3 Nf6 3. Nbd2 c5 4. e3 d5 5. c3 Be7 6. Bd3 0-0 7. 0-0 Nbd7 8. Re1 Re8 9. e4 dxe4 10. Nxe4 Nxe4 11. Rxe4 Bf6 12. Ne5 g6 13. Ng4 cxd4 14. cxd4 b6 15. Rf4 Bb7 16. Rxf6 Nxf6 17. Bg5 Qd5 18. Nxf6+ 1-0

[Event "Police Gniota Memorial 28th"]
[Site "Police"]
[Date "2013.07.12"]
[Round "3"]
[White "Zschaebitz, Klaus"]
[Black "Oleniak, Wlodzimierz"]
[Result "1-0"]
[WhiteElo "2022"]
[BlackElo "1849"]
[PlyCount "51"]
[EventDate "2013.07.10"]
[EventType "swiss"]
[EventRounds "9"]
[EventCountry "POL"]
[SourceTitle "CBM 155 Extra"]
[Source "ChessBase"]
[SourceDate "2013.08.26"]
[SourceVersion "1"]
[SourceVersionDate "2013.08.26"]
[SourceQuality "1"]

1. c4 e5 2. g3 Nc6 3. Bg2 g6 4. e4 Bg7 5. Ne2 d6 6. 0-0 Be6 7. d3 Nge7 8. Nbc3 0-0 9. Bg5 h6 10. Be3 Qd7 11. Qd2 Kh7 12. Nd5 Ng8 13. Rfc1 Nce7 14. d4 c6 15. Nxe7 Qxe7 16. d5 cxd5 17. cxd5 Bg4 18. f3 Bd7 19. Rc7 b6 20. Rac1 Rfc8 21. Bh3 Rxc7 22. Rxc7 Nf6 23. Qc2 Qd8 24. Bxd7 Nxd7 25. Qc6 Nb8 26. Qb7 1-0

[Event "Police Gniota Memorial 27th"]
[Site "Police"]
[Date "2012.07.12"]
[Round "2"]
[White "Korbal, Arkadiusz"]
[Black "Oleniak, Wlodzimierz"]
[Result "1-0"]
[WhiteElo "2127"]
[BlackElo "1863"]
[PlyCount "51"]
[EventDate "2012.07.11"]
[EventType "swiss"]
[EventRounds "9"]
[EventCountry "POL"]
[SourceTitle "CBM 149 Extra"]
[Source "ChessBase"]
[SourceDate "2012.08.24"]
[SourceVersion "1"]
[SourceVersionDate "2012.08.24"]
[SourceQuality "1"]

1. d4 d5 2. c4 e6 3. Nf3 Nf6 4. g3 Nc6 5. Nbd2 Be7 6. Bg2 0-0 7. 0-0 dxc4 8. Nxc4 Nb4 9. Nfe5 c6 10. e4 Nd7 11. Nxd7 Bxd7 12. Be3 h6 13. Qb3 a5 14. Rfd1 a4 15. Qc3 f6 16. a3 Na6 17. d5 cxd5 18. Nb6 Rb8 19. exd5 Qe8 20. Nxd7 Qxd7 21. dxe6 Qb5 22. Rac1 Rfd8 23. Qc2 Rxd1+ 24. Rxd1 Nc5 25. Qg6 Rf8 26. Bxh6 1-0

[Event "Police Gniota Memorial 27th"]
[Site "Police"]
[Date "2012.07.11"]
[Round "3"]
[White "Radwan, Leszek"]
[Black "Oleniak, Wlodzimierz"]
[Result "1-0"]
[WhiteElo "2091"]
[BlackElo "1863"]
[PlyCount "73"]
[EventDate "2012.07.11"]
[EventType "swiss"]
[EventRounds "9"]
[EventCountry "POL"]
[SourceTitle "CBM 149 Extra"]
[Source "ChessBase"]
[SourceDate "2012.08.24"]
[SourceVersion "1"]
[SourceVersionDate "2012.08.24"]
[SourceQuality "1"]

1. d4 d5 2. c4 e6 3. Nc3 Nf6 4. Nf3 Be7 5. e3 0-0 6. Bd3 c5 7. cxd5 exd5 8. 0-0 Bg4 9. Be2 Nbd7 10. b3 Rc8 11. Bb2 Re8 12. Ne5 Bxe2 13. Nxe2 b6 14. Rc1 Bf8 15. Nxd7 Qxd7 16. dxc5 bxc5 17. Bxf6 gxf6 18. Qd3 Bh6 19. Rfd1 d4 20. Rc2 Qe7 21. exd4 Rcd8 22. d5 Qe5 23. Qg3+ Kh8 24. Qxe5 Rxe5 25. Nc3 Bf8 26. Re2 Bd6 27. f4 Rxe2 28. Nxe2 Re8 29. Kf2 a5 30. Kf3 Kg7 31. Ng3 Kg6 32. Ne4 Rd8 33. Nxd6 Rxd6 34. Ke4 h5 35. Rc1 f5+ 36. Ke5 Rd8 37. d6 1-0

[Event "Police Gniota Memorial 26th"]
[Site "Police"]
[Date "2011.07.12"]
[Round "8"]
[White "Okon, Dariusz"]
[Black "Oleniak, Wlodzimierz"]
[Result "1-0"]
[WhiteElo "2200"]
[BlackElo "1859"]
[PlyCount "41"]
[EventDate "2011.07.05"]
[EventType "swiss"]
[EventRounds "9"]
[EventCountry "POL"]
[SourceTitle "CBM 143 Extra"]
[Source "ChessBase"]
[SourceDate "2011.08.29"]
[SourceVersion "1"]
[SourceVersionDate "2011.08.29"]
[SourceQuality "1"]

1. d4 d5 2. c4 e6 3. Nf3 Nf6 4. Bg5 Be7 5. e3 0-0 6. Nc3 b6 7. cxd5 exd5 8. Rc1 Bb7 9. Bd3 Nbd7 10. 0-0 c5 11. Bb1 Re8 12. Qc2 Nf8 13. Rfd1 Rc8 14. dxc5 Bxc5 15. Qf5 Qd7 16. Bxf6 Qxf5 17. Bxf5 gxf6 18. Bxc8 Rxc8 19. Nxd5 Kg7 20. b4 Bxd5 21. Rxd5 1-0

[Event "Police Gniota Memorial 26th"]
[Site "Police"]
[Date "2011.07.09"]
[Round "5"]
[White "Zschaebitz, Klaus"]
[Black "Oleniak, Wlodzimierz"]
[Result "1-0"]
[WhiteElo "2088"]
[BlackElo "1859"]
[PlyCount "75"]
[EventDate "2011.07.05"]
[EventType "swiss"]
[EventRounds "9"]
[EventCountry "POL"]
[SourceTitle "CBM 143 Extra"]
[Source "ChessBase"]
[SourceDate "2011.08.29"]
[SourceVersion "1"]
[SourceVersionDate "2011.08.29"]
[SourceQuality "1"]

1. d4 Nf6 2. c4 e6 3. g3 d5 4. Nf3 Be7 5. Bg2 dxc4 6. Qa4+ Nbd7 7. 0-0 0-0 8. Qxc4 Nb6 9. Qc2 c6 10. e4 Bd7 11. h3 Rc8 12. Be3 Na8 13. Nbd2 Ne8 14. Rac1 Kh8 15. Rfd1 Nac7 16. Qb3 b6 17. Ne5 Na8 18. Qa4 Qc7 19. Nxd7 Qxd7 20. d5 b5 21. dxc6 Qxd2 22. Qxa7 Qb4 23. a3 Qxb2 24. Qxe7 Nec7 25. Bd4 Qb3 26. Bf1 Qf3 27. Qh4 Qb3 28. Bc5 Rg8 29. Rd7 f6 30. Rd3 Qa4 31. Qf4 Ne8 32. Bb4 Qa6 33. Rdc3 Nec7 34. Bd6 e5 35. Qg4 Rcd8 36. Be7 Rd4 37. Bc5 Rd2 38. Bb4 1-0

[Event "Police Gniota Memorial 26th"]
[Site "Police"]
[Date "2011.07.05"]
[Round "1"]
[White "Oleniak, Wlodzimierz"]
[Black "Figura, Atila Gajo"]
[Result "0-1"]
[WhiteElo "1859"]
[BlackElo "2358"]
[PlyCount "50"]
[EventDate "2011.07.05"]
[EventType "swiss"]
[EventRounds "9"]
[EventCountry "POL"]
[SourceTitle "CBM 143 Extra"]
[Source "ChessBase"]
[SourceDate "2011.08.29"]
[SourceVersion "1"]
[SourceVersionDate "2011.08.29"]
[SourceQuality "1"]

1. d4 Nf6 2. c4 e6 3. Nc3 Bb4 4. Qc2 0-0 5. Bg5 h6 6. Bxf6 Qxf6 7. e3 Nc6 8. a3 Bxc3+ 9. Qxc3 a5 10. Nf3 a4 11. Be2 d6 12. 0-0 e5 13. d5 Ne7 14. Nd2 Qg6 15. Kh1 Bd7 16. Rac1 b6 17. f4 exf4 18. exf4 h5 19. Rce1 Rfe8 20. Nf3 Nf5 21. Bd3 Qg4 22. Bxf5 Qxf5 23. Nd4 Rxe1 24. Qxe1 Qd3 25. Qd1 Qxc4 0-1

[Event "Police Gniota Memorial 24th"]
[Site "Police"]
[Date "2009.07.16"]
[Round "9"]
[White "Oleniak, Wlodzimierz"]
[Black "Czuchnicki, Adam"]
[Result "0-1"]
[WhiteElo "1882"]
[BlackElo "2085"]
[PlyCount "62"]
[EventDate "2009.07.08"]
[EventType "swiss"]
[EventRounds "9"]
[EventCountry "POL"]
[SourceTitle "CBM 131 Extra"]
[Source "ChessBase"]
[SourceDate "2009.09.03"]
[SourceVersion "2"]
[SourceVersionDate "2009.09.16"]
[SourceQuality "1"]

1. d4 f5 2. c4 Nf6 3. Nc3 g6 4. Bf4 Bg7 5. Nf3 d6 6. e3 0-0 7. Be2 Qe8 8. h3 Kh8 9. Qc2 Nh5 10. Bh2 e5 11. dxe5 dxe5 12. Nd2 Nc6 13. Nd5 Qf7 14. Bxh5 gxh5 15. 0-0-0 Be6 16. Nb3 Rad8 17. Qd2 Ne7 18. Qb4 Nxd5 19. cxd5 Bxd5 20. Rhg1 c5 21. Qb5 c4 22. Na1 f4 23. Nc2 Bc6 24. Qc5 c3 25. b3 Rd2 26. exf4 exf4 27. Rxd2 cxd2+ 28. Kd1 Qf6 29. Qa3 Qe6 30. Nd4 Qe4 31. Nxc6 Re8 0-1